000 00351pam a2200157a 44500
008 230515b1991 xxu||||| |||| 00| 0 eng d
020 _aNULL
041 _aENGL
082 _a001.642 / GOT
100 _aBYRON S. GOTTFRIED
245 _aPROGRAMMING WITH C
250 _aN.D.
260 _aNULL
_bT.M.H
_c1991
300 _a531 PB
650 _aNULL
999 _c628369
_d628369